| 000 | 00343nam a2200133Ia 4500 | ||
|---|---|---|---|
| 999 |
_c10512 _d10512 |
||
| 003 | OSt | ||
| 005 | 20220329162740.0 | ||
| 008 | 220318s9999 xx 000 0 und d | ||
| 020 | _a9789385462665 | ||
| 100 | _a Ghosh, S. (Satyajit) | ||
| 245 | 0 | _aArchitecture of ancient Tamil Nadu : the Kallanai Dam story | |
| 260 | _aAne books | ||
| 942 | _2ddc | ||